<?xml version="1.0" encoding="UTF-8"?><?xml-stylesheet type="text/xsl" href="static/style.xsl"?><OAI-PMH xmlns="http://www.openarchives.org/OAI/2.0/" xmlns:xsi="http://www.w3.org/2001/XMLSchema-instance" xsi:schemaLocation="http://www.openarchives.org/OAI/2.0/ http://www.openarchives.org/OAI/2.0/OAI-PMH.xsd"><responseDate>2026-04-27T20:21:34Z</responseDate><request verb="GetRecord" identifier="oai:uvadoc.uva.es:10324/55867" metadataPrefix="marc">https://uvadoc.uva.es/oai/request</request><GetRecord><record><header><identifier>oai:uvadoc.uva.es:10324/55867</identifier><datestamp>2022-10-11T12:31:16Z</datestamp><setSpec>com_10324_38</setSpec><setSpec>col_10324_852</setSpec></header><metadata><record xmlns="http://www.loc.gov/MARC21/slim" xmlns:doc="http://www.lyncode.com/xoai" xmlns:xsi="http://www.w3.org/2001/XMLSchema-instance" xmlns:dcterms="http://purl.org/dc/terms/" xsi:schemaLocation="http://www.loc.gov/MARC21/slim http://www.loc.gov/standards/marcxml/schema/MARC21slim.xsd">
<leader>00925njm 22002777a 4500</leader>
<datafield tag="042" ind1=" " ind2=" ">
<subfield code="a">dc</subfield>
</datafield>
<datafield tag="720" ind1=" " ind2=" ">
<subfield code="a">Ibáñez Oterino, Beatriz</subfield>
<subfield code="e">author</subfield>
</datafield>
<datafield tag="260" ind1=" " ind2=" ">
<subfield code="c">2022</subfield>
</datafield>
<datafield tag="520" ind1=" " ind2=" ">
<subfield code="a">Es fácil conocer los antecedentes de la arquitectura, basta con mirar los infinitos libros y&#xd;
documentos que existen al respecto por no hablar de la parte obvia que son los propios edificios&#xd;
ya construidos durante siglos. Pero a la hora de ver hacia donde se va a desarrollar la&#xd;
búsqueda es más compleja.&#xd;
Vivimos en una época donde las nuevas tecnologías y la informática forman parte del cien&#xd;
por cien de las situaciones que nos rodean y es por eso por lo que la arquitectura no iba a&#xd;
ser menos.&#xd;
Es ahí donde entra una nueva arquitectura en la cual el espectador camina entre la delgada&#xd;
línea de lo real y lo ficticio y que ayuda a generar esta nueva realidad.&#xd;
La tecnología ya no es un mero complemento para hacer la vida humana más fácil si no que&#xd;
es intrínsecamente parte del espacio donde vive y desarrolla sus actividades y ese espacio&#xd;
no se entendería sin ella.</subfield>
</datafield>
<datafield tag="520" ind1=" " ind2=" ">
<subfield code="a">It is easy to know the background of architecture, just look at the endless books and documents&#xd;
that exist about it, and the obvious part that is the buildings themselves already built&#xd;
over centuries. But when it comes to seeing where the search is going to develop, it is more&#xd;
complex.&#xd;
We live in a time where new technologies and information technology are one hundred percent&#xd;
part of the situations that surround us and that is why architecture was not going to be&#xd;
less.&#xd;
This is where a new architecture enters in which the viewer walks between the fine line between&#xd;
what is real and what is fictional and which helps to generate this new reality.&#xd;
Technology is no longer a simple complement to make human life easier, but rather it is&#xd;
intrinsically part of the space where they live and carry out their activities and that space&#xd;
would not be understood without it.</subfield>
</datafield>
<datafield tag="024" ind2=" " ind1="8">
<subfield code="a">https://uvadoc.uva.es/handle/10324/55867</subfield>
</datafield>
<datafield ind1=" " ind2=" " tag="653">
<subfield code="a">Arquitectura - Innovaciones tecnológicas</subfield>
</datafield>
<datafield ind1=" " ind2=" " tag="653">
<subfield code="a">Construcción - Innovaciones tecnológicas</subfield>
</datafield>
<datafield tag="245" ind1="0" ind2="0">
<subfield code="a">Tecnologías como nuevo material constructivo en arquitectura</subfield>
</datafield>
</record></metadata></record></GetRecord></OAI-PMH>